Представление документа в формате RUSMARC

ПолеНазваниеЗначение
  Тип записи a
  Библиографический уровень c
001 Контрольный номер RU/SLIB/B/208708728
005 Дата корректировки 20230111152653.0
010 Индекс ISBN __
d Цена 33-00
101 Язык документа 0_
a Язык текста rus
c Язык оригинала rus
200 Заглавие и сведения об ответственности 1_
a Заглавие Украинский сепаратизм в России
e Сведения, относящиеся к заглавию сборник
f Первые сведения об ответственности сост., вступ. ст., коммент. М. Б. Смолина
b Общее обозначение материала Текст
210 Выходные данные 1_
a Место издания М.
c Издательство Изд-во журн. "Москва"
d Дата издания 1998
215 Физическое описание __
a Объем 430 с.
225 Серия 2_
a Серия Пути русского имперского сознания
517 Другие варианты заглавия 1_
a Другие варианты заглавия Историческая правда и украинофильская пропаганда / А. М. Волконский
517 Другие варианты заглавия 1_
a Другие варианты заглавия Присоединение Малороссии к Московскому царству / П. М. Богаевский
517 Другие варианты заглавия 1_
a Другие варианты заглавия Украинское движение / А. Цаинный
606 Тематические рубрики __
a Основная рубрика История
606 Тематические рубрики __
a Основная рубрика История России и СССР (октябрь 1917 - 1991 г.)
y Географическая подрубрика Россия; Украина
610 Ключевые слова 0_
a Ключевые слова национальная политика; национальные отношения; сепаратизм; украинский сепаратизм; национализм; идеология; национальный раскол
686 Индексы других классификаций __
2 Код системы rubbks
a Классификационный индекс 63.3(2)-38
702 Вторичная интеллектуальная ответственность _1
a Фамилия Смолин
b Имя М. Б.
4 Код отношения Составитель
4 Код отношения 220
4 Код отношения 080
4 Код отношения 212
702 Вторичная интеллектуальная ответственность _1
a Фамилия Волконский
b Имя А. М.
4 Код отношения Автор
4 Код отношения 070
702 Вторичная интеллектуальная ответственность _1
a Фамилия Богаевский
b Имя П. М.
4 Код отношения Автор
4 Код отношения 070
702 Вторичная интеллектуальная ответственность _1
a Фамилия Цаинный
b Имя А.
4 Код отношения Автор
4 Код отношения 070
801 Источник записи _0
a Страна RU
b Организация Муниципальное бюджетное учреждение культуры "Централизованная библиотечная система" г. Сургут (Центральная городская библиотека им. А. С. Пушкина)
g Правила каталогизации ОБ/Тесленко
801 Источник записи _1
a Страна RU
b Организация Муниципальное бюджетное учреждение культуры "Централизованная библиотечная система" г. Сургут (Центральная городская библиотека им. А. С. Пушкина)
g Правила каталогизации ОБ/Тесленко
852 Данные о местонахождении __
j Шифр хранения 63.3(2)-38
c Каталожный индекс 63.3(2)-36
i Авторский знак У 45
p Инвентарный номер 69255
901 Тип документа __
t Тип документа x
903 Характеристики (МАРС) __
a Дата передачи 19980831
969 Тип издания __
a Тип издания сборник
990 Данные о заказе (DOS) 00
j Количество экземпляров (DOS) 2
t N записи в КСУ для И/У (DOS) 199801